[Event "1st Gujarat GM Open 2018"]
[Site "Ahmedabad"]
[Date "2018.10.12"]
[Round "10"]
[White "Konguvel, Ponnuswamy"]
[Black "Subhayan Kundu"]
[Result "1-0"]
[WhiteElo "2325"]
[BlackElo "2093"]
[Annotator "TA"]
[PlyCount "63"]
[EventDate "2018.10.05"]
[EventType "swiss"]
[EventCountry "IND"]
[SourceTitle "playchess.com"]
[Source "ChessBase"]
[SourceQuality "1"]

{[%evp 31,63,32,34,0,0,0,0,0,0,1,22,0,0,0,0,0,-14,-108,-110,-111,-201,-109,-113,-97,-96,-62,1672,1618,1948,1760,1314,1145,1056,1009]} 1. e4 c5 2. Nf3 d6 3. d4 cxd4 4. Nxd4 Nf6 5. Nc3 Nc6 6. Bg5 e6 7. Qd2 a6 8. O-O-O Bd7 9. f4 {[%cal Bf2f4,Bf4f5][%mdl 32]} Be7 10. Nf3 b5 11. Bxf6 gxf6 12. f5 Qb6 13. Kb1 O-O-O 14. g3 Kb8 15. fxe6 fxe6 16. Bh3 Na5 {LiveBook: 5 Partien. B69: Sizilianisch (Richter/Rauser-Angriff)} 17. Nd4 b4 $1 {[%cal Rb4c3]} 18. Nce2 e5 {Die Stellung ist ausgeglichen.} 19. Bxd7 {[#]} Rxd7 $146 20. Nf5 Nc4 21. Qd3 Rc8 22. Rhf1 Na3+ 23. bxa3 (23. Ka1 $5 {[%cal Rb2a3]} Nxc2+ 24. Kb1 $14) 23... Rc3 $1 {[#] Weiss muss nun ...d5 beachten.} 24. Qd5 (24. axb4 $11 Rxd3 25. Rxd3) 24... bxa3+ $17 25. Kc1 Qb2+ 26. Kd2 Rxc2+ 27. Ke3 {Droht stark Dd3.} ({Aber nicht} 27. Kd3 $2 Rxe2 28. Rb1 Rd2+ 29. Ke3 Rxd5 $19) 27... Rxe2+ 28. Kf3 {zielt auf Dd3 ab.} Qc2 $2 {[%mdl 8192]} (28... Rxh2 $15 29. Rb1 {[#]} Rf2+ $1 {[%mdl 512]} 30. Rxf2 Qxb1 31. Nxe7 Rxe7 32. Qxd6+ Rc7 33. Qxa3 Qh1+ 34. Rg2 Qh5+ 35. Ke3 Ka7) 29. Nxe7 $18 {Weiß steht klar auf Gewinn.} Rxe7 30. Qxd6+ Rc7 31. Qb6+ Kc8 32. Qxa6+ {Precision: Weiß = 46%, Schwarz = 57%.} 1-0

[Event "1st Gujarat GM Open 2018"]
[Site "Ahmedabad"]
[Date "2018.10.12"]
[Round "10"]
[White "Saurabh Anand"]
[Black "Matta, Vinay Kumar"]
[Result "1/2-1/2"]
[WhiteElo "2303"]
[BlackElo "2129"]
[Annotator "TA"]
[PlyCount "125"]
[EventDate "2018.10.05"]
[EventType "swiss"]
[EventCountry "IND"]
[SourceTitle "playchess.com"]
[Source "ChessBase"]
[SourceQuality "1"]

{[%evp 10,125,44,8,33,16,38,43,30,27,46,0,0,0,0,1,19,0,1,-29,-25,-23,-24,-25,-22,-52,-19,-22,-24,-34,0,0,18,8,38,44,42,25,33,37,32,33,34,0,0,0,31,31,32,0,25,31,27,30,28,27,26,26,24,12,22,0,0,0,8,8,8,8,8,8,20,17,31,31,31,31,31,31,31,31,31,31,31,31,31,10,10,10,10,10,10,10,10,10,23,10,10,10,26,12,12,10,10,10,10,0,10,0,10,10,10,10,12,10,10,10,10,-495]} 1. e4 e5 2. Nf3 Nc6 3. d4 exd4 4. Nxd4 Bc5 5. Nb3 Bb4+ 6. Nc3 {LiveBook: 10 Games. C45: Scotch Game} (6. c3 $5 {[%cal Rc3b4]} Be7 7. Bf4 $14) (6. c3 Be7 7. c4 Nf6 8. Bd3 O-O 9. O-O a5 10. Be3 a4 11. Nc1 b6 12. Ne2 Bc5 13. Bxc5 bxc5 14. Nbc3 a3 {½-½ (50) Grischuk,A (2772)-Andreikin,D (2712) Huaian 2017}) 6... Qh4 7. Bd3 Nf6 8. O-O {White is slightly better.} Bxc3 9. bxc3 O-O 10. f3 $146 ({Predecessor:} 10. Qf3 Re8 11. Bf4 d6 12. Rae1 Nh5 13. Bg3 Nxg3 14. fxg3 {1-0 (54) Wolaniecki,P (1401)-Jobda,R (1529) Maslow Pierwszy 2014}) 10... d5 11. exd5 Nxd5 12. c4 Nb6 13. c5 Nd5 14. Be4 Nc3 15. Qe1 Qxe1 16. Rxe1 Nxe4 17. fxe4 Be6 18. Bf4 Rac8 19. c3 b6 20. Nd4 Bd7 21. Nb5 f5 22. Nxc7 {Black must now prevent Bd6.} fxe4 23. Bd6 Rf6 24. Nd5 Re6 25. Nf4 Ree8 26. Rab1 bxc5 $1 27. Rb7 Be6 28. Rxe4 Bxa2 29. Rxe8+ Rxe8 30. Rc7 Ne5 31. Rxa7 Ng4 {[%cal Re8e1] [#]} 32. g3 Bf7 33. Bxc5 g5 34. Nd3 Bc4 35. h3 Bxd3 36. hxg4 $11 {[%mdl 4096] Endgame KRB-KRB} Re2 37. Bd4 h6 38. Rg7+ Kf8 39. Rd7 Be4 40. Bg7+ Kg8 41. Bxh6 Rg2+ 42. Kf1 Rxg3 43. Rg7+ Kh8 44. Rxg5 Kh7 45. Bg7 Bf3 46. Bd4 {[#] Hoping for Rg7+.} Rxg4 47. Re5 Re4 48. Rf5 Bg4 49. Rf6 Re6 50. Rf4 Bh5 51. Kf2 Bg6 52. Kf3 (52. Be3 {is more complex.} Bd3 53. Rd4 Ba6 54. Rg4 Rg6 55. Rh4+) 52... Bh5+ 53. Kg3 Bg6 54. Rh4+ (54. Rf8 {with more complications.} Kh6 55. Ra8 Bd3 56. Kf4 Re4+ 57. Kf3) 54... Kg8 {The position is equal.} 55. Rh8+ Kf7 56. Kf4 Ke7 57. Kg3 Kf7 58. Kf4 Ke7 59. Be5 Kd7 60. Rg8 Bd3 61. Rg7+ Kc6 62. Rc7+ Kb6 63. Rb7+ $2 {[%mdl 40960] Precision: White = 58%, Black = 68%. . An unexpected result.} (63. Rd7 $11 Bb5 64. Rd5) 1/2-1/2

[Event "1st Gujarat GM Open 2018"]
[Site "Ahmedabad"]
[Date "2018.10.12"]
[Round "10"]
[White "Gomes, Mary Ann"]
[Black "Kamdar Udit"]
[Result "1-0"]
[WhiteElo "2302"]
[BlackElo "2103"]
[Annotator "TA"]
[PlyCount "41"]
[EventDate "2018.10.05"]
[EventType "swiss"]
[EventCountry "IND"]
[SourceTitle "playchess.com"]
[Source "ChessBase"]
[SourceQuality "1"]

{[%evp 19,41,13,16,-40,25,-10,40,32,96,89,692,702,1256,1266,1346,1333,1841,1839,1836,1810,1819,1815,1724,1710]} 1. d4 c6 2. e4 d5 3. e5 Bf5 4. Nc3 e6 5. g4 Bg6 6. Nge2 f6 7. Nf4 Bf7 8. exf6 gxf6 9. Qe2 Qe7 10. Nd3 Nd7 {LiveBook: 16 Games} 11. Bf4 {B12: Caro-Kann: Advance Variation} (11. f4 $11) 11... Bg7 ({Black should play} 11... h5 $15) 12. O-O-O O-O-O $146 ({Predecessor:} 12... e5 13. Be3 h5 14. Bh3 Be6 15. f4 e4 16. Nc5 Nxc5 17. dxc5 O-O-O 18. f5 hxg4 19. Bxg4 {0-1 (39) Simacek,P (2350)-Meduna,E (2470) Pribram 1998}) 13. Re1 {White is slightly better.} Re8 {[#]} (13... h5 $14) 14. Qd2 $1 $16 {Nxd5! is the strong threat.} Qd8 $2 {[%mdl 8192] [#]} (14... Nb6 $16) 15. Nb5 $1 $18 {[%cal Rb5a7][%mdl 512] White is clearly winning.} Ne5 (15... cxb5 16. Qc3+) 16. dxe5 cxb5 17. Qc3+ Kd7 18. exf6 Bxf6 19. Ne5+ Bxe5 20. Bxb5+ Ke7 21. Bxe5 {Precision: White = 54%, Black =  6%.} 1-0

[Event "1st Gujarat GM Open 2018"]
[Site "Ahmedabad"]
[Date "2018.10.12"]
[Round "10"]
[White "Raahul V S"]
[Black "Shiva Pavan Teja Sharma U"]
[Result "1-0"]
[WhiteElo "2294"]
[BlackElo "2005"]
[Annotator "TA"]
[PlyCount "56"]
[EventDate "2018.10.05"]
[EventType "swiss"]
[EventCountry "IND"]
[SourceTitle "playchess.com"]
[Source "ChessBase"]
[SourceQuality "1"]

{[%evp 22,56,23,15,24,12,11,5,10,9,22,0,11,-34,0,-6,55,0,0,0,39,33,80,90,98,93,110,114,260,269,822,416,408,-333,830,603,593]} 1. c4 c6 2. d4 d5 3. Nf3 Nf6 4. g3 e6 5. Nbd2 Be7 6. Bg2 O-O 7. O-O Nbd7 8. Qc2 b6 9. e4 Bb7 10. e5 Ne8 11. b3 Rc8 12. Bb2 Nc7 {E09: Closed Catalan: Main Line: 7 Qc2 c6 8 Nbd2} (12... c5 13. dxc5 Nxc5 14. Rfd1 Qc7 15. Rac1 Qb8 16. cxd5 exd5 17. Nf1 Ne4 18. Qe2 Rxc1 19. Rxc1 Nc7 20. Nd4 Ne6 21. Nc6 Bxc6 22. Rxc6 {1-0 (36) Shirov,A (2720)-Vaganian,R (2587) Germany 2006}) 13. Rac1 c5 14. Rfd1 b5 {The position is equal.} 15. dxc5 Bxc5 16. Qd3 $146 ({Predecessor:} 16. cxd5 Nxd5 17. Qb1 Be7 18. Ne4 Nc5 19. Nd6 Bxd6 20. exd6 Qxd6 21. Ba3 Qb6 22. Ng5 g6 23. Qa1 b4 {½-½ (26) Goluch,P (2332)-Grabarczyk,M (2397) Police 2018}) 16... bxc4 {[#]} 17. Nxc4 $1 {[%mdl 512]} Ba6 (17... dxc4 18. Qxd7) 18. Qd2 Qe7 {[#]} (18... dxc4 $11 19. Qxd7 Nd5 20. Qxd8 Rfxd8 21. bxc4 Ne3 22. Rxd8+ (22. fxe3 Bxe3+ 23. Kf1 Bxc1 $15) 22... Rxd8) 19. Na5 (19. Nd6 $1 $14 {[%mdl 512]}) 19... Nb5 $11 {aiming for ...Bb4.} 20. Qf4 f6 {White must now prevent ...fxe5.} (20... Ba3 $5 {[%cal Ra3b2]} 21. Nc6 Rxc6 22. Rxc6 Bxb2 23. Rxa6 Nb8 $11) 21. Qh4 {Hoping for a4.} fxe5 {Threatens to win with ...Qxh4.} 22. Qxe7 Bxe7 23. Nc6 Bf6 24. Bf1 {And now a4 would win.} ({Much less strong is} 24. Ncxe5 Rxc1 25. Rxc1 Rc8 $11) 24... Nd4 (24... d4 $16) 25. Nfxd4 $18 ({Stronger than} 25. Bxa6 Rxc6 26. Rxc6 Nxc6 $11) 25... Bd3 $2 (25... Bxf1 26. Nxe6 (26. Kxf1 exd4 27. Bxd4 Nb8 $14) 26... Rfe8) 26. Be2 Bxe2 27. Nxe6 $4 {[%mdl 8192]} (27. Nxe2 $18 {was the only winning move. Strongly threatening f4.} Ra8 28. f4) 27... Bf1 $4 {[%mdl 8192]} (27... Bxd1 $19 28. Nxf8 Kxf8 29. Rxd1 Rxc6 30. Rxd5 Ke7) 28. Kxf1 Rfe8 {Precision: White = 45%, Black = 22%.} 1-0

[Event "1st Gujarat GM Open 2018"]
[Site "Ahmedabad"]
[Date "2018.10.12"]
[Round "10"]
[White "Raahul V S"]
[Black "Shiva Pavan Teja Sharma U"]
[Result "*"]
[WhiteElo "2294"]
[BlackElo "2005"]
[Annotator "TA"]
[PlyCount "35"]
[EventDate "2018.10.05"]
[EventType "swiss"]
[EventCountry "IND"]
[SourceTitle "playchess.com"]
[Source "ChessBase"]
[SourceQuality "1"]

{[%evp 12,13,12,16]} 1. c4 c6 2. d4 d5 3. Nf3 Nf6 4. g3 e6 5. Nbd2 Be7 6. Bg2 O-O 7. O-O {LiveBook: 316 Games} {Predecessor:} b6 $146 8. b3 Bb7 9. Bb2 Nbd7 10. Rc1 Rc8 11. e3 dxc4 12. Nxc4 c5 13. Qe2 cxd4 14. Nxd4 Bxg2 15. Kxg2 a6 16. Nf3 b5 17. Nce5 Qb6 18. Nxd7 {½-½ (18) Dubov,D (2691)-Korobov,A (2664) Abu Dhabi 2018} *

[Event "1st Gujarat GM Open 2018"]
[Site "Ahmedabad"]
[Date "2018.10.12"]
[Round "10"]
[White "Prasad, Devaki V"]
[Black "Shahil Dey"]
[Result "1-0"]
[WhiteElo "2285"]
[BlackElo "2063"]
[Annotator "RC"]
[PlyCount "93"]
[EventDate "2018.10.05"]
[EventType "swiss"]
[EventCountry "IND"]
[SourceTitle "playchess.com"]
[Source "ChessBase"]
[SourceQuality "1"]
[TimeControl "5400+30"]

1. e4 {[%emt 0:00:00]} c5 {[%emt 0:00:00]} 2. Nf3 {[%emt 0:00:00]} e6 {[%emt 0:00:00]} 3. d4 {[%emt 0:00:00]} cxd4 {[%emt 0:00:00]} 4. Nxd4 {[%emt 0:00:00]} a6 {[%emt 0:00:00]} 5. Bd3 {[%emt 0:00:06]} Nf6 {[%emt 0:00:00]} 6. O-O {[%emt 0:00:14]} Qc7 {[%emt 0:00:00]} 7. Qe2 {[%emt 0:00:18]} d6 {[%emt 0:00:03]} 8. c4 {[%emt 0:00:13]} g6 {[%emt 0:00:09]} 9. Nc3 {[%emt 0:00:19]} Bg7 {[%emt 0:00:08]} 10. Rd1 {[%emt 0:00:52]} O-O {[%emt 0:00:30]} 11. h3 {[%emt 0:00:30]} Nbd7 {[%emt 0:00:00]} 12. Nf3 {[%emt 0:02:41]} b6 {[%emt 0:00:21]} 13. Bg5 {[%emt 0:09:54]} Bb7 {[%emt 0:00:55]} 14. Rac1 {[%emt 0:00:19]} Rac8 {[%emt 0:01:11]} 15. b3 {[%emt 0:00:28]} Rfe8 {[%emt 0:00:38]} 16. Bb1 {[%emt 0:00:28]} h6 {[%emt 0:04:11]} 17. Bf4 {[%emt 0:01:58]} Ne5 {[%emt 0:05:54]} 18. Nxe5 {[%emt 0:09:45]} dxe5 {[%emt 0:00:30]} 19. Be3 {[%emt 0:00:04]} Bc6 {[%emt 0:01:31]} 20. Nb5 {[%emt 0:02:16]} axb5 {[%emt 0:04:11]} 21. cxb5 {[%emt 0:00:04]} Qb7 {[%emt 0:02:37]} 22. bxc6 {[%emt 0:00:09]} Rxc6 {[%emt 0:00:04]} 23. Rxc6 {[%emt 0:09:12]} Qxc6 {[%emt 0:00:06]} 24. Rc1 {[%emt 0:00:16]} Qb7 {[%emt 0:01:10]} 25. Qb5 {[%emt 0:01:00]} Rb8 {[%emt 0:02:13]} 26. Rc6 {[%emt 0:12:06]} Qd7 {[%emt 0:06:47]} 27. Bd3 {[%emt 0:03:29]} Rd8 {[%emt 0:00:41]} 28. Bc2 {[%emt 0:00:40]} Rc8 {[%emt 0:00:44]} 29. Rxc8+ Qxc8 {[%emt 0:00:07]} 30. Bd3 {[%emt 0:00:25]} Nd7 {[%emt 0:00:47]} 31. b4 {[%emt 0:01:51]} f5 {[%emt 0:03:27]} 32. Bc4 {[%emt 0:06:15]} Kf7 {[%emt 0:00:51]} 33. Bb3 {[%emt 0:05:32]} Ke7 {[%emt 0:07:07]} 34. Bxb6 {[%emt 0:07:10]} Qc1+ {[%emt 0:01:18]} 35. Kh2 {[%emt 0:00:04]} Qf4+ {[%emt 0:00:55]} 36. g3 {[%emt 0:00:03]} Qxe4 {[%emt 0:00:10]} 37. Bc5+ {[%emt 0:00:12]} Nxc5 {[%emt 0:02:28]} 38. Qxc5+ {[%emt 0:00:04]} Kf6 {[%emt 0:00:12]} 39. Qd6 {[%emt 0:00:52]} Qd4 {[%emt 0:00:57]} 40. Qxe6+ {[%emt 0:00:44]} Kg5 {[%emt 0:00:01]} 41. f4+ {[%emt 0:14:20]} exf4 {[%emt 0:03:59]} 42. h4+ {[%emt 0:00:05]} Kg4 {[%emt 0:00:07]} 43. Bd1+ {[%emt 0:00:09]} Qxd1 {[%emt 0:02:18]} 44. Qxg6+ {[%emt 0:00:05]} Kf3 {[%emt 0:00:07]} 45. Qh5+ {[%emt 0:00:03]} Kf2 {[%emt 0:00:07]} 46. Qxd1 {[%emt 0:00:07]} fxg3+ {[%emt 0:00:05]} 47. Kh3 {[%emt 0:00:11]} 1-0

[Event "1st Gujarat GM Open 2018"]
[Site "Ahmedabad"]
[Date "2018.10.12"]
[Round "10"]
[White "Pranav Vijay"]
[Black "Bakunts, Rafael"]
[Result "1-0"]
[WhiteElo "2265"]
[BlackElo "2427"]
[Annotator "TA"]
[PlyCount "91"]
[EventDate "2018.10.05"]
[EventType "swiss"]
[EventCountry "IND"]
[SourceTitle "playchess.com"]
[Source "ChessBase"]
[SourceQuality "1"]

{[%evp 26,91,16,-54,18,-47,7,-61,7,0,10,-23,-36,-15,-13,-23,-12,-35,-28,-22,-16,-48,-69,-61,-18,-36,-22,-64,-46,-55,77,77,145,145,137,127,132,133,185,185,185,185,181,183,190,188,190,180,190,190,193,188,194,189,169,155,320,325,317,319,565,563,604,588,1777,1621,29990,1727]} 1. e4 e6 2. d3 d5 3. Nd2 c5 4. g3 Nc6 5. Bg2 Nf6 6. Ngf3 Be7 7. O-O O-O 8. Re1 b5 9. e5 Nd7 10. Nf1 Bb7 11. h4 Qc7 12. Bf4 Rfc8 {C00: French: Unusual White 2nd moves} 13. h5 (13. Ne3 Qd8 14. Ng4 Bf8 15. Bg5 Qe8 16. c3 h6 17. Bf4 a5 18. Qd2 b4 19. c4 Ne7 20. h5 {1-0 (59) Kuzubov,Y (2699)-Grischuk,A (2772) Riadh 2017}) 13... Qd8 14. N1h2 {LiveBook: 6 Games} (14. h6 $11) 14... a5 (14... h6 $1 $15) 15. Ng4 (15. h6 $11) 15... a4 $146 (15... h6 $15) ({Predecessor:} 15... h6 16. Qd2 Bf8 17. Ngh2 Be7 18. g4 Ra6 19. c3 a4 20. a3 {1-0 (42) Gukesh,D (2323)-Lokesh,N (2181) Puchong 2017}) 16. a3 (16. h6 $11) 16... b4 ({Better is} 16... h6 $15) 17. h6 $11 g6 18. Qd2 Nd4 19. Nxd4 cxd4 20. Nf6+ Nxf6 21. exf6 Bf8 22. axb4 Qb6 $1 23. Be5 Bxb4 24. c3 Bc5 25. Qf4 {[%cal Re5d4]} dxc3 26. bxc3 {[%cal Bb2c3,Bc3c4,Bc4c5][%mdl 32]} a3 27. Reb1 Qa7 (27... Qa6 $15 {stays ahead.}) 28. c4 $1 $16 Bc6 (28... Bb6 $142) 29. d4 $1 {Strongly threatening cxd5.} Bf8 {[#]} 30. c5 $1 Qa4 31. Bf1 Qc2 (31... Ra7 $16) 32. Qc1 $36 {[%mdl 2048] White is in control.} Qxc1 33. Rxc1 Ra4 {[#]} ({Much worse is} 33... Bxh6 $6 34. Rc3 $16) 34. Ra2 $1 Bxh6 35. f4 Bf8 36. Rb1 {[%mdl 1024] White has strong compensation.} Be8 37. Rb3 Rca8 38. Kf2 R4a5 39. Ke3 Bd7 40. Bd3 h5 $2 (40... Ra4 $16 {was worth a try.}) 41. Kf3 Ba4 42. Rb1 R5a7 $2 (42... Bxc5 43. dxc5 Rxc5) 43. g4 h4 44. Ke3 Bc6 {intending ...Rb7.} 45. Rh1 Rb7 46. Rah2 {Precision: White = 66%, Black = 25%.} (46. Rxh4 $142 Rb2 47. Ra1 Bg7 48. fxg7 f6 49. Bxf6 Rb3 50. Rh8+ Kf7 51. Be5) 1-0

[Event "1st Gujarat GM Open 2018"]
[Site "Ahmedabad"]
[Date "2018.10.12"]
[Round "10"]
[White "Ziatdinov, Raset"]
[Black "Akash G"]
[Result "0-1"]
[WhiteElo "2265"]
[BlackElo "2424"]
[Annotator "TA"]
[PlyCount "70"]
[EventDate "2018.10.05"]
[EventType "swiss"]
[EventCountry "IND"]
[SourceTitle "playchess.com"]
[Source "ChessBase"]
[SourceQuality "1"]

{[%evp 15,70,12,22,0,0,0,0,0,0,-10,0,0,0,-18,0,-36,-38,-58,-50,-132,-119,-138,-68,-79,-54,-67,-70,-113,-116,-106,-107,-120,-114,-168,-166,-169,-170,-167,-151,-176,-165,-254,-243,-235,-162,-161,-162,-179,-169,-305,-307,-300,-220,-533,-520,-989,-632]} 1. e4 c5 2. Nf3 d6 3. d4 cxd4 4. Nxd4 Nf6 5. Nc3 Nc6 6. Be2 e5 7. Nf3 h6 8. O-O Be7 {LiveBook: 1030 Games} 9. Qd3 {B58: Classical Sicilian: 6 Be2} O-O 10. Rd1 Be6 11. a3 {The position is equal.} a6 12. b3 $146 ({Predecessor:} 12. Be3 Rc8 13. Rac1 Na5 14. Nd2 Bc4 15. Nxc4 Nxc4 16. Rb1 b5 {0-1 (67) Stock,L (2297)-Baklan,V (2648) Trieste 2007}) 12... Rc8 13. Bb2 Qc7 14. h3 Nb8 15. Nh4 Rfd8 {Threatens to win with ...d5.} 16. Qf3 Nc6 $1 17. Qd3 ({Better is} 17. Qe3 $15) 17... Nd4 $17 {Strongly threatening ...Qxc3!} 18. Nf3 {[#]} Nxe2+ (18... Qxc3 $1 $17 {[%mdl 512]} 19. Bxc3 Rxc3 20. Nxd4 Rxd3 21. Rxd3 exd4 22. Rxd4 Rc8) 19. Qxe2 $15 Nh5 20. g3 Nf6 21. g4 b5 22. Ne1 Qb7 23. f3 Rd7 24. Rd2 {[#]} (24. Ng2 $17 {keeps fighting.}) 24... Bd8 $1 $19 {[%cal Be7d8,Bd8a5,Ba5b6,Bb6d4,Bd4b2][%mdl 32]} 25. Nd3 Ba5 26. Nb4 Bb6+ 27. Kg2 Bd4 28. Nd1 {[#]} (28. Rxd4 {was necessary.} exd4 29. Nca2) 28... Bxb2 $1 29. Nxb2 d5 30. exd5 Nxd5 {White must now prevent ...Nf4+.} (30... Bxd5 31. Rad1 $15) 31. Nxd5 Bxd5 ({Don't take} 31... Rxd5 32. Nd3 $15) 32. Kf2 (32. Rad1 {might work better.}) 32... Rc3 33. Rd3 Qc7 34. Rxc3 $2 (34. Rad1 {is tougher.} Rxc2 35. R1d2 Qc5+ 36. Qe3 Rxd2+ 37. Rxd2 Qxa3 38. Qxe5 Qc5+ 39. Qe3 Qxe3+ 40. Kxe3) 34... Qxc3 35. Ra2 {[#]} (35. Re1 $142 Qxb2 36. Qxe5 Qxc2+ 37. Re2) 35... Bxb3 $1 {[%mdl 512] Precision: White = 34%, Black = 86%.} 0-1

[Event "1st Gujarat GM Open 2018"]
[Site "Ahmedabad"]
[Date "2018.10.12"]
[Round "10"]
[White "Ritviz, Parab"]
[Black "Sidhant, Mohapatra"]
[Result "1/2-1/2"]
[WhiteElo "2252"]
[BlackElo "2341"]
[Annotator "TA"]
[PlyCount "63"]
[EventDate "2018.10.05"]
[EventType "swiss"]
[EventCountry "IND"]
[SourceTitle "playchess.com"]
[Source "ChessBase"]
[SourceQuality "1"]

{[%evp 11,63,25,21,10,12,16,2,0,0,0,14,14,34,0,0,0,0,0,0,-1,-1,0,0,-27,-21,-31,-17,0,-8,-13,13,0,0,8,25,19,21,-5,-5,-4,0,-5,0,0,0,-1,-1,-4,0,-8,0,0,0,0]} 1. e4 c5 2. Nc3 a6 3. g3 b5 4. Bg2 Bb7 5. Nge2 e6 6. O-O Nf6 7. d3 {B23: Closed Sicilian: Lines without g3} d5 (7... b4 8. Na4 d5 9. e5 Nfd7 10. f4 Nc6 11. a3 a5 12. c4 dxc4 13. dxc4 Be7 14. Be3 O-O 15. Qc2 Qc7 16. Be4 g6 17. Rad1 Rfd8 18. Rd2 Rac8 19. Rfd1 Ncb8 {1-0 (19) Gdanski,J (2455)-Kempinski,R (2577) Zgierz 2018}) 8. exd5 Nxd5 9. Nxd5 Bxd5 10. Bxd5 Qxd5 11. Nf4 Qc6 $146 ({Predecessor:} 11... Qd7) 12. Qg4 Nd7 13. Re1 {[%cal Rf4e6] [#] Strongly threatening Nxe6!} Nf6 14. Qh3 {[%cal Rf4e6]} Be7 15. b3 O-O 16. Bb2 c4 17. dxc4 bxc4 18. Re2 c3 19. Bc1 Rfd8 {[#] Hoping for ...Rd1+.} 20. Be3 Rd7 21. Rae1 Rad8 22. Qg2 Qc7 23. Nd3 Nd5 {The position is equal.} 24. Qe4 Nxe3 25. Qxe3 h6 26. Ne5 Bc5 27. Qf3 Rd5 28. Kg2 Bd4 29. Nc4 Qc5 30. Qe4 Bf6 31. Qf3 Qb4 32. Re4 {Precision: White = 58%, Black = 50%.} 1/2-1/2

[Event "1st Gujarat GM Open 2018"]
[Site "Ahmedabad"]
[Date "2018.10.12"]
[Round "10"]
[White "Ritviz, Parab"]
[Black "Sidhant, Mohapatra"]
[Result "*"]
[WhiteElo "2252"]
[BlackElo "2341"]
[Annotator "TA"]
[PlyCount "27"]
[EventDate "2018.10.05"]
[EventType "swiss"]
[EventCountry "IND"]
[SourceTitle "playchess.com"]
[Source "ChessBase"]
[SourceQuality "1"]

{[%evp 10,11,8,14]} 1. e4 c5 2. Nc3 a6 3. g3 b5 4. Bg2 Bb7 5. Nge2 e6 6. O-O {LiveBook: 183 Partien} {Vorgänger:} Nc6 $146 7. d4 cxd4 8. Nxd4 Nxd4 9. Qxd4 Ne7 10. Be3 Nc6 11. Qd2 Be7 12. Rad1 d6 13. a4 b4 14. Ne2 {1-0 (47) Aronian,L (2767)-Caruana,F (2822) chess.com INT 2018} *

[Event "1st Gujarat GM Open 2018"]
[Site "Ahmedabad"]
[Date "2018.10.12"]
[Round "10"]
[White "Abu Sufian, Shakil"]
[Black "Jayachandra Srinivas Vellanki"]
[Result "1-0"]
[WhiteElo "2247"]
[BlackElo "2011"]
[Annotator "TA"]
[PlyCount "92"]
[EventDate "2018.10.05"]
[EventType "swiss"]
[EventCountry "IND"]
[SourceTitle "playchess.com"]
[Source "ChessBase"]
[SourceQuality "1"]

{[%evp 9,92,60,61,32,78,78,93,72,79,45,46,37,38,36,62,63,63,64,74,49,68,39,42,0,54,56,64,23,18,0,51,12,12,12,12,12,12,12,18,29,41,29,34,16,17,11,87,86,100,116,116,114,104,96,100,60,147,119,207,170,172,133,194,153,160,149,188,127,300,300,336,320,314,319,688,675,790,758,29976,29976,29990,29991,29994,29995,29999]} 1. e4 Nc6 2. Nf3 d6 3. d4 Bg4 4. Bb5 a6 5. Bxc6+ bxc6 6. Nc3 {B00: Queen's Fianchetto Defence, Nimzowitsch Defence} (6. O-O {feels hotter.} Nf6 7. Nbd2 e6 8. c4 Be7 9. Qa4) (6. O-O e6 7. Qd3 Ne7 8. Re1 h6 9. Nbd2 g5 10. Nf1 Bg7 11. c3 Bh5 12. Ng3 Bg6 13. h4 f6 {0-1 (34) Banos,O (2210)-Romero Holmes,A (2445) Barcelona 2018}) 6... g6 7. h3 Bxf3 8. Qxf3 {White is better.} Bg7 9. Qd3 $146 ({Predecessor:} 9. Ne2 d5 10. c3 e6 {0-1 (37) Toth,Z (1997)-Grunwald,M (2092) Hungary 2006}) 9... Nf6 10. O-O O-O 11. Be3 Qb8 12. b3 Nd7 13. f4 Qb7 14. Rac1 Rfe8 15. Na4 Nb6 16. Nc3 a5 ({Black should try} 16... Nd7 $11) 17. a4 Nd7 {[%cal Bb6d7,Bd7f6,Bf6e4,Be4g3][%mdl 32]} 18. Rf2 c5 19. d5 e6 (19... Bxc3 $11 20. Qxc3 Nf6) 20. Nb5 exd5 21. exd5 Nf6 22. c4 Ne4 23. Re2 f5 24. Rce1 Ng3 25. Rc2 Ne4 26. Kh2 Re7 27. Rce2 Rae8 (27... Qc8 $11) 28. Bd2 $1 $16 Qa6 29. g4 Qb6 30. gxf5 gxf5 31. Rg1 Kh8 32. Reg2 Bf6 (32... Nxd2 $14 33. Qxd2 (33. Rxd2 Rf8 $16) 33... Rd7) 33. Be1 Rg7 (33... Rf8 $16) 34. Rxg7 Bxg7 35. Qf3 c6 (35... Rf8 $16 {might work better.}) 36. dxc6 $40 {[%mdl 128] White has strong attack.} Qxc6 37. Bxa5 Re7 38. Nc3 (38. Qd3 $18) 38... Qa8 $2 {[#]} (38... Qb7 $16 {keeps fighting.}) 39. Nd5 $18 Rb7 40. Bb6 Bd4 41. Rg2 Qf8 $2 (41... Rg7 42. Rxg7 Kxg7) 42. a5 Qc8 43. a6 Rxb6 44. Nxb6 {White mates.} Qxa6 45. Qh5 {[%cal Rh5e8]} Nf6 46. Qf7 {[%csl Gg2][%cal Rf7g7]} Qa8 {Precision: White = 58%, Black = 31%.} 1-0